Science Quiz

Random Science or Clickable Quiz

AP Psychology Review 3: Biological Basis of Behavior 2 Quiz Stats

Quiz not verified by Sporcle

Challenge
Share
Tweet
Embed
Score 0/18 Timer 10:00
0 Plays Today
% Correct
Occipital Lobes
93.8%
Amygdala
87%
Aphasia
83.1%
Contralaterality
81.9%
Hippocampus
81.4%
Glial Cells
79.7%
Temporal Lobes
78.5%
Hypothalamus
75.7%
Cerebellum
72.9%
% Correct
Association Areas
72.3%
Convolutions
69.5%
Medulla Oblongata
66.1%
Frontal Lobes
64.4%
Thalamus
54.8%
Parietal Lobes
54.2%
Cerebral Cortex
50.8%
Pons
45.2%
Basal Ganglia
36.2%

You're not logged in!

Compare scores with friends on all Sporcle quizzes.
Sign Up with Email
OR
Log In

You Might Also Like...

Show Comments

Extras

Top Quizzes Today


Score Distribution

Your Account Isn't Verified!

In order to create a playlist on Sporcle, you need to verify the email address you used during registration. Go to your Sporcle Settings to finish the process.

Report this User

Report this user for behavior that violates our Community Guidelines.

Details: